|
|
|
|
| LEADER |
00000nab a2200000 a 4500 |
| 001 |
vtls008700293 |
| 003 |
SK-MaSNL |
| 005 |
20260304134745.0 |
| 008 |
250505c2006 xo br|p|||an |000 b|slo |
| 015 |
|
|
|a SNBRB2006/05
|
| 035 |
|
|
|a (sysno)vtls008700293
|
| 035 |
|
|
|a urn:nbn:sk:snk-ab77j3
|
| 035 |
|
|
|a (uuid)e42eda87-fcf2-4735-b4c7-5e8227d6461e
|
| 035 |
|
|
|a (urnnbn)urn:nbn:sk:snk:ar-a073ns
|
| 038 |
|
|
|a SPK
|
| 040 |
|
|
|a SNKBUCL
|b slo
|c SNKBUCL
|e AACR2
|
| 041 |
0 |
|
|a slo
|b slo
|
| 044 |
|
|
|a xo
|c SK
|
| 080 |
|
|
|a 379.8
|2 1997
|
| 080 |
|
|
|a 372.851
|2 1997
|
| 080 |
|
|
|a 373.34
|2 1997
|
| 100 |
1 |
|
|a Kurajová Stopková, Janka
|4 aut
|9 82160
|
| 245 |
1 |
0 |
|a Vplyv využívania voľného času na vzdelávacie výsledky z matematiky u 14-ročných žiakov
|
| 300 |
|
|
|b Tab.
|
| 504 |
|
|
|a Bibliogr. odkazy
|
| 546 |
|
|
|a Res. slov.
|
| 650 |
0 |
7 |
|a voľný čas
|2 spk
|9 3355
|
| 650 |
0 |
7 |
|a matematika
|2 spk
|9 70174
|
| 650 |
0 |
7 |
|a Základná škola
|2 spk
|9 771302
|
| 650 |
0 |
7 |
|a stupeň druhý
|2 spk
|9 1035921
|
| 700 |
1 |
|
|a Kuraj, Jozef
|4 aut
|9 25162
|
| 773 |
0 |
|
|t Pedagogické spektrum
|g Roč. XV, č. 1-2 (2006), s. 42-63
|x 1335-793X
|
| 850 |
|
|
|a Slovenská národná knižnica
|
| 852 |
|
|
|a Slovenská národná knižnica
|
| 954 |
|
|
|a odborná, vedecká literatúra pôvodná (slovenská)
|2 lita
|
| 958 |
|
|
|a article27
|
| 958 |
|
|
|a NB
|2 spk
|
| 958 |
|
|
|a OND
|
| 958 |
|
|
|a EUIPO
|
| 999 |
|
|
|c 2908021
|d 2909951
|